000 00703nam a22002177a 4500
003 OSt
005 20251029044756.0
008 251029b |||||||| |||| 00| 0 eng d
020 _a 978-621-406-3185
040 _aDWCL-Main lib
_cOC
082 _aFil. 499.211 P192 2021
100 _aAriaso, Rowena N.
245 _aPanimulang linggwistika :
_b pan dalubhasaan/
_cRowena N. Ariaso
260 _a Manila:
_bMindshapers co. inc.,
_cc2021.
300 _avi, 201 pages :
_b illustrations ;
_c25cm
504 _aIncludes bibliographical references
650 _a1. Philippine Language
650 _a2. Philippine Literature
700 _a[ AND EIGHT OTHERS]
942 _2ddc
_cBK - FIL
_kFil.
_n0
999 _c5292
_d5292